| 000 | 01502nam a2200361 ib4500 | ||
|---|---|---|---|
| 003 | OSt | ||
| 005 | 20200705114822.0 | ||
| 008 | 200702t20192019mnuab j 001 0 eng d | ||
| 020 |
_a9781541520141 _cRM147.63 _qhardback |
||
| 040 |
_aPPAK _beng _cPPAK _erda |
||
| 082 | 0 | 4 |
_223 _a363.7 |
| 090 | 0 | 0 |
_a363.7 _bBUL _dRK |
| 100 | 1 |
_aBullard, Lisa, _eauthor. |
|
| 245 | 1 | 0 |
_aGo Green for Earth Day / _cLisa Bullard ; illustrated Xiao Xin |
| 264 | 1 |
_aMinneapolis : _bLerner Publications, _c[2019] |
|
| 264 | 4 | _c©2019 | |
| 300 |
_a23 pages : _bcolour illustrations ; _c23 x 23 cm |
||
| 336 |
_2rdacontent _atext |
||
| 337 |
_2rdamedia _aunmediated |
||
| 338 |
_2rdacarrier _avolume |
||
| 490 | 1 | _aEARLY BIRD STORIES | |
| 504 | _aIncludes bibliographical references and index. | ||
| 505 |
_tWhat a mess! -- _tMiss big mouth -- _tMy family's earth day -- _tLearn about earth day -- _tThink about earth day : Critical-Thinking and text feature questions. |
||
| 520 | _aReaders will learn about Earth Day through a charming narrative full of delightful illustrations and a diverse cast of characters. Comprehension questions, fun facts, and critical thinking questions keep readers engaged and thinking while they read. | ||
| 650 | 1 | 0 |
_aEarth Day _vJuvenile literature |
| 650 | 2 | 0 |
_aEnvironmentalism _vJuvenile literature |
| 650 | 2 | 0 | _aEarth Day |
| 655 | 7 | _aJuvenile works | |
| 655 | 7 | _aJuvenile literature | |
| 700 | 1 |
_aXin, Xiao, _eillustrator. |
|
| 830 | 0 | _aEarly bird stories | |
| 942 |
_2ddc _cB |
||
| 999 |
_c177964 _d177964 |
||